| 000 | 00509cam a2200205ua 4500 | ||
|---|---|---|---|
| 001 | 20043 | ||
| 008 | 151217n II |||gr||||Z||||||eng | ||
| 040 | _aMAIN | ||
| 041 | _aEnglish | ||
| 082 | _a660.6 RAY | ||
| 100 | _aRAY, SAMIT. (Ed./-). | ||
| 245 | _aBIODIVERSITY & BIOTECNOLOGY | ||
| 250 | _aREP. | ||
| 260 |
_aGUWAHATI _bNEW CENTRAL BOOK AGENCY _c2012. |
||
| 300 |
_a360: _c20CM. |
||
| 653 | _aBIOTECHNOLOGY | ||
| 700 |
_aRAY, SAMIT., _eEDITOR. |
||
| 700 |
_aRAY, ARUN K., _eEDITOR., |
||
| 942 | _cBK | ||
| 999 |
_c19905 _d19905 |
||